Lecciones de historia, geografía y educación cívica: según el programa de primer año de humanidades; aprobado por el S. Gobierno el 11 de Marzo de 1929
Tallennettuna:
| Päätekijä: | |
|---|---|
| Aineistotyyppi: | Kirja |
| Kieli: | espanja |
| Julkaistu: |
Santiago
Casa Zamorano y Caperán
1930
|
| Painos: | 3a. ed |
| Aiheet: | |
| Tagit: |
Lisää tagi
Ei tageja, Lisää ensimmäinen tagi!
|
MARC
| LEADER | 00000nam a2200000 a 4500 | ||
|---|---|---|---|
| 001 | UCZ8536 | ||
| 003 | CL-VaPUC | ||
| 008 | 960121e19300000CL |||||||||||||||||spa|d | ||
| 082 | 0 | 4 | |a 372.89 |b MON |2 21 |
| 100 | |a Montero Correa, Octavio |e autor |9 353868 | ||
| 245 | 1 | 0 | |a Lecciones de historia, geografía y educación cívica: según el programa de primer año de humanidades; aprobado por el S. Gobierno el 11 de Marzo de 1929 |
| 250 | |a 3a. ed | ||
| 300 | |a v | ||
| 942 | |c BK | ||
| 945 | |d 19960121 00:00:00 |a cmena | ||
| 260 | |a Santiago |b Casa Zamorano y Caperán |c 1930 | ||
| 650 | 0 | |a Historia |9 255047 | |
| 650 | 0 | |a Enseñanza de la historia |9 307330 | |
| 650 | 0 | |a Enseñanza de la geografía |9 310005 | |
| 650 | 0 | |a Educación cívica |9 314665 | |
| 650 | 0 | |a Enseñanza de las ciencias sociales |9 337823 | |
| 583 | |a last modification |c 19960121 00:00:00 |k Rodrigo Vera | ||
| 999 | |c 244402 |d 244400 | ||
| 952 | |0 0 |1 0 |4 0 |6 372_890000000000000_MON_1930 |7 0 |8 P |9 258461 |a BIBEDU |b BIBEDU |c BIBEDU_PB |d 2019-11-19 |h v.1 |i 1619861 |o 372.89 MON 1930 |p 1619861 |r 2024-01-25 |w 2019-11-19 |y BK |k EDU | ||